Twinkle Twinkle Little Star lyrics - Statistics

General Stats
  • This quiz has been taken 106 times
  • The average score is 30 of 32
Answer Stats
Lyric % Correct
twinkle
100%
twinkle
100%
twinkle
100%
twinkle
100%
how
99%
how
99%
i
99%
i
99%
little
99%
little
99%
star
99%
star
99%
you
99%
you
99%
a
98%
wonder
98%
wonder
98%
are
95%
are
95%
the
91%
the
91%
what
91%
what
91%
in
85%
sky
84%
up
84%
like
83%
so
83%
above
82%
diamond
79%
high
79%
world
76%
No matching quizzes found
Score Distribution
Percent of People with Each Score
Percentile by Number Answered
Your Score History
You have not taken this quiz